[Event "Baer Polgar Challenge"]
[Site "chess24.com INT"]
[Date "2021.04.08"]
[Round "1.1"]
[White "Badelka, Olga"]
[Black "Zhu, Jiner"]
[Result "0-1"]
[WhiteTitle "IM"]
[BlackTitle "WGM"]
[WhiteElo "2433"]
[BlackElo "2459"]
[WhiteFideId "13509926"]
[BlackFideId "8608059"]
[EventDate "2021.04.08"]

1. c4 Nf6 2. Nc3 e6 3. e4 d5 4. e5 d4 5. exf6 dxc3 6. bxc3 Qxf6 7. d4 e5 8. Nf3
exd4 9. Bg5 Qe6+ 10. Be2 Be7 11. cxd4 Bxg5 12. Nxg5 Qg6 13. f4 O-O 14. O-O Nc6
15. d5 Ne7 16. Qd2 h6 17. Nf3 Qd6 18. Ne5 c6 19. Rad1 Rd8 20. Kh1 cxd5 21. cxd5
Be6 22. f5 Qxe5 23. fxe6 fxe6 24. d6 Nd5 25. Bg4 Qxd6 26. Rfe1 Re8 27. Qe2 Rad8
28. Bxe6+ Kh8 29. Qg4 Qb4 30. Qxb4 Nxb4 31. Rxd8 Rxd8 32. Bb3 g5 33. h3 Rd7 34.
Re4 Nc6 35. Re8+ Kg7 36. Kh2 Re7 37. Rc8 Nd4 38. Bd5 b6 39. Rc4 Nf5 40. Rc8 h5
41. Rg8+ Kh6 42. g4 hxg4 43. hxg4 Ne3 44. Bf3 Re5 45. Rf8 Ra5 46. Kg3 Rxa2 47.
Be4 Kg7 48. Rd8 Nf1+ 49. Kf3 Nd2+ 50. Ke3 Nxe4 51. Kxe4 Ra5 52. Rd7+ Kf6 53. Rb7
Ke6 54. Rg7 Kd6 55. Rg6+ Kc7 56. Rf6 Rc5 57. Rf7+ Kb8 58. Rf8+ Kb7 59. Rf7+ Ka6
60. Rf5 Kb5 61. Re5 a5 0-1

[Event "Baer Polgar Challenge"]
[Site "chess24.com INT"]
[Date "2021.04.08"]
[Round "1.2"]
[White "Lei, Tingjie"]
[Black "Nihal, Sarin"]
[Result "1/2-1/2"]
[WhiteTitle "GM"]
[BlackTitle "GM"]
[WhiteElo "2505"]
[BlackElo "2620"]
[WhiteFideId "8605114"]
[BlackFideId "25092340"]
[EventDate "2021.04.08"]

1. e4 e5 2. Nf3 Nc6 3. Bb5 a6 4. Ba4 Nf6 5. O-O d6 6. Re1 b5 7. Bb3 Na5 8. d4
Nxb3 9. axb3 Bb7 10. dxe5 Nxe4 11. exd6 Qxd6 12. Qxd6 Bxd6 13. Ng5 O-O 14. Nxe4
Rae8 15. Nbc3 f5 16. f3 Bb4 17. Bd2 fxe4 18. fxe4 Re6 19. Rad1 Bxc3 20. Bxc3
Rxe4 21. Rxe4 Bxe4 22. Rd7 Rf7 23. Rd8+ Rf8 24. Rd7 Rf7 25. Rd8+ Rf8 26. Rd7 1/2-1/2

[Event "Baer Polgar Challenge"]
[Site "chess24.com INT"]
[Date "2021.04.08"]
[Round "1.3"]
[White "Yip, Carissa"]
[Black "Mammadzada, Gunay"]
[Result "1/2-1/2"]
[WhiteTitle "IM"]
[BlackTitle "IM"]
[WhiteElo "2430"]
[BlackElo "2443"]
[WhiteFideId "2090732"]
[BlackFideId "13403729"]
[EventDate "2021.04.08"]

1. e4 c5 2. Nf3 d6 3. d4 cxd4 4. Nxd4 Nf6 5. Nc3 a6 6. Be3 e5 7. Nf3 Qc7 8. a4
Be6 9. Ng5 Qc6 10. Nxe6 fxe6 11. g4 Be7 12. g5 Nfd7 13. Qh5+ g6 14. Qg4 Nf8 15.
h4 Nbd7 16. h5 Rg8 17. O-O-O O-O-O 18. Kb1 gxh5 19. Qxh5 Rg7 20. Bh3 Kb8 21.
Rhg1 Nc5 22. Bxc5 Qxc5 23. Qe2 Rxg5 24. Rxg5 Bxg5 25. Qh5 h6 26. Qf7 Qc8 27. Rd3
Qd7 28. Qg8 Qe7 29. Rf3 Bf4 30. Rd3 Nd7 31. Qg6 Nc5 32. Rd1 Rc8 33. Qg4 Re8 34.
Qe2 Rd8 35. Qc4 Rc8 36. Qe2 Qh4 37. Bg2 Rg8 38. Rh1 Qe7 39. Bh3 Qe8 40. Rd1 Qe7
41. Qc4 Rc8 42. Qe2 Qh4 43. Bg2 Qe7 44. Bh3 1/2-1/2

[Event "Baer Polgar Challenge"]
[Site "chess24.com INT"]
[Date "2021.04.08"]
[Round "1.4"]
[White "Praggnanandhaa, R"]
[Black "Murzin, Volodar"]
[Result "0-1"]
[WhiteTitle "GM"]
[BlackTitle "IM"]
[WhiteElo "2608"]
[BlackElo "2478"]
[WhiteFideId "25059530"]
[BlackFideId "44155573"]
[EventDate "2021.04.08"]

1. d4 Nf6 2. c4 g6 3. Nc3 Bg7 4. e4 O-O 5. h3 d6 6. Be3 e5 7. d5 Na6 8. Nf3 Nc5
9. Nd2 a5 10. g4 c6 11. Be2 a4 12. g5 Ne8 13. h4 f6 14. Rg1 Qa5 15. Rb1 Bd7 16.
h5 fxg5 17. hxg6 h6 18. Bg4 Bxg4 19. Qxg4 Nf6 20. Qg2 Nd3+ 21. Ke2 Nf4+ 22. Bxf4
exf4 23. Qh3 Rae8 24. Kd1 Qc5 25. Rf1 b5 26. Qd3 b4 27. Nxa4 Qa7 28. b3 cxd5 29.
cxd5 Ng4 30. Ke1 Ne5 31. Qe2 Rc8 32. Nf3 Nxf3+ 33. Qxf3 Rc2 34. Qd3 Rfc8 35. Kd1
Rxf2 36. Re1 Be5 37. Rc1 Rxc1+ 38. Kxc1 Rxa2 39. Qb5 Ra1+ 40. Kd2 Qd4+ 41. Kc2
Ra2+ 0-1

[Event "Baer Polgar Challenge"]
[Site "chess24.com INT"]
[Date "2021.04.08"]
[Round "1.5"]
[White "Salimova, Nurgyul"]
[Black "Abdusattorov, Nodirbek"]
[Result "0-1"]
[WhiteTitle "IM"]
[BlackTitle "GM"]
[WhiteElo "2397"]
[BlackElo "2627"]
[WhiteFideId "2915138"]
[BlackFideId "14204118"]
[EventDate "2021.04.08"]

1. d4 Nf6 2. Nf3 e6 3. g3 b6 4. Bg2 Bb7 5. O-O Be7 6. c4 O-O 7. Re1 Na6 8. Bf4
d5 9. Ne5 c5 10. Nc3 cxd4 11. Qxd4 Bc5 12. Qd1 Qe7 13. cxd5 exd5 14. Nd3 d4 15.
Bxb7 Qxb7 16. Nb1 Nb4 17. Nd2 Nfd5 18. Nxc5 bxc5 19. Bd6 Rfc8 20. a3 Na6 21. Nc4
Nb6 22. Nxb6 axb6 23. Bf4 Qd5 24. b3 b5 25. e4 Qd7 26. a4 Nb4 27. e5 bxa4 28.
bxa4 d3 29. Re4 Qd5 30. Qf3 Nc2 31. Rd1 Rxa4 32. Qxd3 Qxd3 33. Rxd3 Rxe4 0-1

[Event "Baer Polgar Challenge"]
[Site "chess24.com INT"]
[Date "2021.04.08"]
[Round "1.7"]
[White "Liang, Awonder"]
[Black "Abdumalik, Zhansaya"]
[Result "0-1"]
[WhiteTitle "GM"]
[BlackTitle "IM"]
[WhiteElo "2592"]
[BlackElo "2472"]
[WhiteFideId "2056437"]
[BlackFideId "13703544"]
[EventDate "2021.04.08"]

1. e4 e5 2. Nf3 Nc6 3. Bb5 a6 4. Ba4 Nf6 5. O-O Be7 6. Bxc6 dxc6 7. d3 Bd6 8.
Nbd2 O-O 9. Nc4 Nd7 10. Be3 Re8 11. Nfd2 Nf8 12. Kh1 Ng6 13. Qh5 Nf4 14. Bxf4
exf4 15. Rae1 Bf8 16. e5 b5 17. Na5 Qd4 18. Nf3 Qd5 19. Re4 Qxa2 20. Nxc6 Bb7
21. Ng5 h6 22. e6 g6 23. exf7+ Qxf7 24. Nxf7 gxh5 25. Nfe5 Bg7 26. Ree1 a5 27.
d4 Ra6 28. d5 a4 29. c3 Bxe5 30. Nxe5 Bxd5 31. Nd3 Rxe1 32. Rxe1 f3 33. g3 Bc4
34. Nf4 Rd6 35. h4 Rd2 36. Re7 Rxf2 37. Nxh5 Rxb2 38. Rd7 Bf7 39. Rd8+ Kh7 40.
Rd7 Kg6 41. Nf4+ Kf6 42. g4 Rb1+ 43. Kh2 f2 44. g5+ hxg5 45. hxg5+ Kg7 46. Nh5+
Kf8 0-1

[Event "Baer Polgar Challenge"]
[Site "chess24.com INT"]
[Date "2021.04.08"]
[Round "1.8"]
[White "Yoo, Christopher Woojin"]
[Black "Mendonca, Leon Luke"]
[Result "1-0"]
[WhiteTitle "IM"]
[BlackTitle "IM"]
[WhiteElo "2455"]
[BlackElo "2549"]
[WhiteFideId "30909694"]
[BlackFideId "35028561"]
[EventDate "2021.04.08"]

1. e4 c5 2. Nf3 d6 3. d4 cxd4 4. Nxd4 Nf6 5. Nc3 a6 6. Qe2 e5 7. Nf5 g6 8. Nh6
Be6 9. Bg5 Nbd7 10. g3 Rc8 11. Bg2 Be7 12. O-O Qb6 13. Rab1 Bc4 14. Qf3 Kf8 15.
Bh3 Qd8 16. Rfd1 Be6 17. Bxe6 fxe6 18. Ng4 Kg7 19. Bh6+ Kf7 20. Rd2 Rc6 21. Rbd1
Qb6 22. Nxf6 Nxf6 23. b3 Rhc8 24. Rd3 Kg8 25. Bg5 Rf8 26. Qe2 Qc7 27. Bd2 b5 28.
a3 Qb6 29. Rf3 Kg7 30. b4 Rc4 31. Bg5 Qc6 32. Qd2 Rd4 33. Rd3 Rc4 34. Bh6+ Kg8
35. Bxf8 Kxf8 36. Re1 Kg7 37. Re2 h6 38. f3 Nd7 39. Nd1 Qc8 40. Ne3 Rc6 41. h4
h5 42. Re1 Nb6 43. Rd1 Qf8 44. Qf2 Na4 45. R1d2 Nb2 46. Rb3 Na4 47. Ng2 Bd8 48.
Ne3 Bb6 49. Kg2 Bd4 50. Rbd3 Bb6 51. Qe2 Nb2 52. Rb3 Na4 53. Nd1 Bd8 54. Rbd3
Nb6 55. Ne3 Na4 56. Qf2 Bb6 57. Qe2 Bd8 58. Qe1 Bb6 59. Nd1 Ba7 60. Qe2 Bb6 61.
Rb3 Bd4 62. Rbd3 Bb6 63. c3 Ba7 64. Rc2 Qc8 65. Qd2 Qc7 66. Nb2 Nb6 67. Qe2 Qc8
68. Rcd2 Bb8 69. Qe3 Qf8 70. Rf2 Ba7 71. Qe1 Bb8 72. f4 exf4 73. Rxf4 Qe7 74.
Rdf3 Nd7 75. Nd3 e5 76. Rf7+ Qxf7 77. Rxf7+ Kxf7 78. Qe3 Nf6 79. Nf2 Ke6 80. Qh6
Kf7 81. Nh3 Nxe4 82. Qh7+ Ke6 83. Qxg6+ Nf6 84. Ng5+ 1-0

[Event "Baer Polgar Challenge"]
[Site "chess24.com INT"]
[Date "2021.04.08"]
[Round "1.9"]
[White "Shuvalova, Polina"]
[Black "Keymer, Vincent"]
[Result "0-1"]
[WhiteTitle "IM"]
[BlackTitle "GM"]
[WhiteElo "2476"]
[BlackElo "2591"]
[WhiteFideId "24171760"]
[BlackFideId "12940690"]
[EventDate "2021.04.08"]

1. d4 Nf6 2. c4 e6 3. Nf3 d5 4. g3 Bb4+ 5. Nc3 O-O 6. Bg2 dxc4 7. O-O Nc6 8. Qa4
Bd7 9. Bg5 a5 10. a3 Nxd4 11. Qd1 Bxc3 12. bxc3 Nb3 13. Ne5 Bb5 14. Rb1 Qxd1 15.
Rfxd1 Nd5 16. Bxd5 exd5 17. Bf4 c6 18. Nd7 Rfe8 19. Kf1 f6 20. Nb6 Ra6 21. Bc7
a4 22. f3 Kf7 23. e4 d4 24. Rb2 Re7 25. Bd8 Re6 26. Kf2 d3 27. f4 Ke8 28. Bc7
Re7 29. Bd6 Rxb6 30. Bxe7 Kxe7 31. Ke3 c5 32. g4 Re6 33. e5 fxe5 34. f5 Rh6 35.
Rg1 d2 36. Ke4 Rxh2 0-1

[Event "Baer Polgar Challenge"]
[Site "chess24.com INT"]
[Date "2021.04.08"]
[Round "2.3"]
[White "Mendonca, Leon Luke"]
[Black "Shuvalova, Polina"]
[Result "1/2-1/2"]
[WhiteTitle "IM"]
[BlackTitle "IM"]
[WhiteElo "2549"]
[BlackElo "2476"]
[WhiteFideId "35028561"]
[BlackFideId "24171760"]
[EventDate "2021.04.08"]

1. d4 Nf6 2. c4 e6 3. Nc3 d5 4. Nf3 c5 5. cxd5 Nxd5 6. e4 Nxc3 7. bxc3 cxd4 8.
cxd4 Bb4+ 9. Bd2 Bxd2+ 10. Qxd2 O-O 11. Bc4 Nd7 12. O-O b6 13. Rfe1 Bb7 14. Rad1
Rc8 15. Bd3 Re8 16. h4 h6 17. d5 exd5 18. e5 Nc5 19. Bf5 Rc7 20. h5 Rce7 21. Bb1
Qc8 22. Qf4 Ne4 23. Rc1 Qd7 24. Nd4 Rc8 25. f3 Rxc1 26. Rxc1 Ng5 27. Nf5 Re8 28.
Qd4 Rc8 29. Re1 Rc4 30. Qd3 Qc7 31. Kh2 Rc3 32. Qb5 Bc6 33. Qb4 Rc4 34. Qd6 Qxd6
35. exd6 Ne6 36. Ne7+ Kf8 37. Bf5 Bd7 38. Nxd5 Rh4+ 39. Kg3 Rxh5 40. Bxe6 fxe6
41. Nf4 Rg5+ 42. Kh2 Kf7 43. Nd3 Kf6 44. Rc1 Rd5 45. Nf2 Ba4 46. Rc7 a5 47. Ne4+
Kg6 48. Re7 e5 49. Rb7 b5 50. Rb6 Kf7 51. Nc3 Rd4 52. Nxb5 Bxb5 53. Rxb5 Rxd6
54. Rxe5 Ra6 55. a4 Kf6 56. Rb5 g5 57. Kg3 h5 58. Kf2 h4 59. Kg1 Kg6 60. Kh2 Kh5
61. Kh3 Rc6 62. f4 Rc3+ 63. Kh2 Kg4 64. Rxg5+ Kxf4 65. Rxa5 Ra3 66. Ra8 Kg5 67.
a5 Kg6 68. a6 Kg7 69. Kg1 Ra2 70. Kf1 Kh7 71. a7 Kg7 72. Ke1 Kh7 73. Kd1 Kg7 74.
Kc1 Kh7 75. Kb1 Ra6 76. Kb2 Kg7 77. Kc3 Ra4 78. Kb3 Ra1 79. Kc4 Kh7 80. Kd5 Ra5+
81. Ke6 Ra1 82. Kf5 Ra5+ 83. Kg4 Ra4+ 84. Kh5 Kg7 85. Rc8 Rxa7 86. Kxh4 Ra5 87.
Rc6 Rb5 88. Re6 Ra5 89. Kg4 Ra2 90. g3 Ra5 91. Kf4 Ra4+ 92. Kf5 Ra5+ 93. Re5 Ra7
94. Kg5 Rb7 95. g4 Ra7 96. Kh5 Rb7 97. g5 Ra7 98. Rf5 Rb7 99. g6 Ra7 100. Rf7+
Rxf7 101. gxf7 Kxf7 1/2-1/2

[Event "Baer Polgar Challenge"]
[Site "chess24.com INT"]
[Date "2021.04.08"]
[Round "2.6"]
[White "Abdusattorov, Nodirbek"]
[Black "Saduakassova, Dinara"]
[Result "1-0"]
[WhiteTitle "GM"]
[BlackTitle "IM"]
[WhiteElo "2627"]
[BlackElo "2500"]
[WhiteFideId "14204118"]
[BlackFideId "13700090"]
[EventDate "2021.04.08"]

1. e4 e5 2. Nf3 Nc6 3. Bc4 Bc5 4. b4 Bxb4 5. c3 Ba5 6. d4 exd4 7. O-O d6 8. cxd4
Bb6 9. h3 Nge7 10. Ng5 d5 11. exd5 Na5 12. d6 Nxc4 13. Qa4+ Nc6 14. Re1+ Be6 15.
Qxc4 O-O 16. Rxe6 fxe6 17. Qxe6+ Kh8 18. Qe4 g6 19. Qh4 h5 20. Bb2 Qf6 21. Nd2
Bxd4 22. Nde4 Qe5 23. Bxd4 Nxd4 24. Rb1 Nf5 25. Nf3 Nxh4 26. Nxe5 cxd6 27. Nxd6
Rf6 28. Ndf7+ Kg8 29. Rxb7 Rf8 30. Nh6+ Kh8 31. Nd7 Rxf2 32. Nxf8 Rxf8 33. Rxa7
Rb8 34. Ra4 Kg7 35. Rxh4 Kxh6 36. Rf4 Rb2 37. Rf2 Rb1+ 38. Rf1 Rb4 39. a3 Rb2
40. Ra1 Rb5 41. a4 Ra5 42. Kf2 Kg5 43. Ke3 Kh4 44. Kf3 Rf5+ 45. Ke4 Kg3 46. Ra2
Ra5 47. Kd4 g5 48. Kc4 h4 49. Kb4 Ra8 50. a5 Rb8+ 51. Kc5 1-0

[Event "Baer Polgar Challenge"]
[Site "chess24.com INT"]
[Date "2021.04.08"]
[Round "2.8"]
[White "Mammadzada, Gunay"]
[Black "Praggnanandhaa, R"]
[Result "0-1"]
[WhiteTitle "IM"]
[BlackTitle "GM"]
[WhiteElo "2443"]
[BlackElo "2608"]
[WhiteFideId "13403729"]
[BlackFideId "25059530"]
[EventDate "2021.04.08"]

1. e4 c5 2. Nf3 Nc6 3. d4 cxd4 4. Nxd4 Nf6 5. Nc3 d6 6. f3 e5 7. Nb3 Be7 8. Be3
Be6 9. Qe2 a5 10. O-O-O a4 11. Nc5 a3 12. b3 O-O 13. N5a4 Bd7 14. Qd2 Nd4 15.
Bxd4 exd4 16. Qxd4 Bxa4 17. Nxa4 Qa5 18. Nb6 Rad8 19. Nc4 Qc7 20. Qb6 Qc8 21.
Qb4 Qc7 22. Qa5 Qc6 23. Qb6 Qc8 24. Qb4 Qe6 25. Qb6 Nd7 26. Qe3 Nc5 27. Nxa3 d5
28. Kb1 Nxe4 29. fxe4 Bxa3 30. Bb5 dxe4 31. c3 Qe5 32. Bc4 b5 33. Be2 Bc5 34.
Qg3 Qe7 35. Bxb5 e3 36. Qf3 Rxd1+ 37. Rxd1 Qe5 38. Kc2 Be7 39. Rd5 Qe6 40. Bd3
Bf6 41. c4 Re8 42. Be2 h6 43. Qf5 Qb6 44. Qd7 Rf8 45. c5 Qa5 46. Qa4 Qc3+ 47.
Kd1 Qa1+ 48. Kc2 Qb2+ 49. Kd3 Qd2+ 0-1

[Event "Baer Polgar Challenge"]
[Site "chess24.com INT"]
[Date "2021.04.08"]
[Round "2.9"]
[White "Nihal, Sarin"]
[Black "Yip, Carissa"]
[Result "1-0"]
[WhiteTitle "GM"]
[BlackTitle "IM"]
[WhiteElo "2620"]
[BlackElo "2430"]
[WhiteFideId "25092340"]
[BlackFideId "2090732"]
[EventDate "2021.04.08"]

1. Nf3 g6 2. e4 Bg7 3. d4 d6 4. Bc4 e6 5. O-O Ne7 6. Nbd2 a6 7. c3 Nd7 8. Re1
O-O 9. Bd3 e5 10. Nf1 c6 11. Ng3 h6 12. h3 Qc7 13. a4 Rd8 14. Qe2 b6 15. Be3 Bb7
16. dxe5 dxe5 17. b4 b5 18. c4 bxc4 19. Bxc4 a5 20. bxa5 Qxa5 21. Qa2 Rf8 22.
Red1 Rad8 23. Bd2 Qa8 24. a5 Ba6 25. Be3 c5 26. Rd6 Bxc4 27. Qxc4 Nc6 28. Rxg6
Nxa5 29. Rxg7+ Kxg7 30. Qc3 Rfe8 31. Rxa5 Qc6 32. Nf5+ Kh7 33. Nxh6 Rf8 34. Nxe5
Qf6 35. Nhg4 Qh8 36. Ra6 Kg8 37. Nh6+ Kh7 38. Nhxf7 Nxe5 39. Rh6+ 1-0

[Event "Baer Polgar Challenge"]
[Site "chess24.com INT"]
[Date "2021.04.08"]
[Round "3.3"]
[White "Praggnanandhaa, R"]
[Black "Nihal, Sarin"]
[Result "1-0"]
[WhiteTitle "GM"]
[BlackTitle "GM"]
[WhiteElo "2608"]
[BlackElo "2620"]
[WhiteFideId "25059530"]
[BlackFideId "25092340"]
[EventDate "2021.04.08"]

1. d4 Nf6 2. c4 e6 3. Nf3 d5 4. Nc3 Nbd7 5. Bf4 dxc4 6. e3 b5 7. Nxb5 Bb4+ 8.
Nc3 Nd5 9. a3 Nxc3 10. Qd2 Bxa3 11. bxc3 Bd6 12. Bxd6 cxd6 13. Bxc4 O-O 14. O-O
Bb7 15. Be2 Qc7 16. c4 a5 17. Rfc1 h6 18. Qc3 Rfc8 19. Nd2 e5 20. Bg4 exd4 21.
exd4 Re8 22. Bxd7 Qxd7 23. Rxa5 Bxg2 24. Kxg2 Rxa5 25. Qxa5 Qg4+ 26. Kh1 Qxd4
27. Qd5 Qxf2 28. Rf1 Re1 29. Qa8+ Kh7 30. Qe4+ Rxe4 31. Rxf2 Rd4 32. Kg2 f5 33.
Kf3 f4 34. Ke2 g5 35. Kd1 Kg6 36. Kc2 f3 37. Rxf3 Rh4 38. h3 g4 39. hxg4 Rxg4
40. Rd3 h5 41. Rxd6+ Kf7 42. Kd3 h4 43. Nf3 Rg3 44. Ke3 h3 45. Rh6 Kg7 46. Rh4
Kf6 47. Kf4 Rg8 48. Rxh3 Ke6 49. Ke4 Kd6 50. Kd3 Kc5 51. Rh5+ Kb4 52. Rb5+ Ka4
53. Rb1 Rd8+ 54. Nd4 Rc8 55. Kc3 Ka5 56. Rb5+ Ka6 57. c5 Rh8 58. Kc4 Rh6 59. Rb1
Rg6 60. Re1 Rh6 61. Re6+ 1-0

[Event "Baer Polgar Challenge"]
[Site "chess24.com INT"]
[Date "2021.04.08"]
[Round "3.6"]
[White "Liang, Awonder"]
[Black "Abdusattorov, Nodirbek"]
[Result "1/2-1/2"]
[WhiteTitle "GM"]
[BlackTitle "GM"]
[WhiteElo "2592"]
[BlackElo "2627"]
[WhiteFideId "2056437"]
[BlackFideId "14204118"]
[EventDate "2021.04.08"]

1. Nf3 Nf6 2. g3 b6 3. Bg2 Bb7 4. O-O e6 5. c4 Be7 6. Nc3 O-O 7. Re1 Ne4 8. Nxe4
Bxe4 9. d3 Bb7 10. d4 Be4 11. Bf4 d6 12. h4 Nd7 13. Qd2 Bf6 14. Rad1 Qe7 15. Qe3
Bb7 16. Qa3 Be4 17. Qe3 Bb7 18. Qa3 Be4 19. d5 e5 20. Bc1 a5 21. Qe3 Bc2 22. Rd2
Bb1 23. b3 Nc5 24. Ba3 Bf5 25. Ng5 Bxg5 26. Qxg5 Qxg5 27. hxg5 Ne4 28. Bxe4 Bxe4
29. Bb2 a4 30. b4 f6 31. f3 Bg6 32. gxf6 gxf6 33. g4 f5 34. gxf5 Rxf5 35. c5 a3
36. Bc3 bxc5 37. bxc5 e4 38. fxe4 Rg5+ 39. Kf2 Rf8+ 40. Ke3 Rg3+ 41. Kd4 Rf4 42.
Kc4 Rxe4+ 43. Rd4 h5 44. Rxe4 Bxe4 45. Ba5 Rg7 46. cxd6 cxd6 47. Bb4 Rg6 48. Kd4
Bg2 49. Rg1 Rg4+ 50. Kc3 Bxd5 51. Rxg4+ hxg4 52. Bxa3 g3 53. Bxd6 g2 54. Bh2
Bxa2 55. Kd2 Kf7 56. Ke1 Ke6 57. Kf2 Bd5 58. e4 g1=Q+ 59. Kxg1 Bxe4 60. Be5 Kxe5 1/2-1/2

[Event "Baer Polgar Challenge"]
[Site "chess24.com INT"]
[Date "2021.04.08"]
[Round "4.5"]
[White "Abdusattorov, Nodirbek"]
[Black "Yoo, Christopher Woojin"]
[Result "1/2-1/2"]
[WhiteTitle "GM"]
[BlackTitle "IM"]
[WhiteElo "2627"]
[BlackElo "2455"]
[WhiteFideId "14204118"]
[BlackFideId "30909694"]
[EventDate "2021.04.08"]

1. e4 c5 2. Nf3 e6 3. c3 d5 4. exd5 Qxd5 5. d4 Nf6 6. Na3 Nc6 7. Be3 cxd4 8. Nb5
Qd7 9. Nbxd4 a6 10. Nxc6 Qxc6 11. Ne5 Qc7 12. Qa4+ Bd7 13. Nxd7 Qxd7 14. Qxd7+
Nxd7 15. Be2 Bc5 16. Bf4 Ke7 17. O-O-O b5 18. Bf3 Ra7 19. b4 Bxf2 20. Bd6+ Kd8
21. Bc6 Kc8 22. a4 Nb6 23. axb5 Nc4 24. Bf4 axb5 25. Bxb5 Be3+ 26. Kc2 Na3+ 27.
Kb3 Bxf4 28. Bc6 Rd8 29. Rxd8+ Kxd8 30. g3 Be5 31. Rd1+ Kc7 32. Rd7+ Kb6 33.
Rxa7 Kxa7 34. Kxa3 Bxc3 35. Be8 f6 36. Bf7 e5 37. Bg8 h6 38. Kb3 Bd4 39. Bh7 Kb6
40. Be4 Kc7 41. Kc4 Kd6 42. g4 Bg1 43. h3 Bf2 44. Kb5 Be1 45. Kc4 Bf2 46. Kb5
Be1 47. Kc4 Bf2 1/2-1/2

[Event "Baer Polgar Challenge"]
[Site "chess24.com INT"]
[Date "2021.04.08"]
[Round "4.8"]
[White "Nihal, Sarin"]
[Black "Salimova, Nurgyul"]
[Result "1-0"]
[WhiteTitle "GM"]
[BlackTitle "IM"]
[WhiteElo "2620"]
[BlackElo "2397"]
[WhiteFideId "25092340"]
[BlackFideId "2915138"]
[EventDate "2021.04.08"]

1. d4 Nf6 2. c4 e6 3. Nf3 d5 4. g3 Be7 5. Bg2 O-O 6. O-O dxc4 7. Qc2 a6 8. a4
Bd7 9. Qxc4 Bc6 10. Bg5 Nbd7 11. Nc3 h6 12. Bxf6 Nxf6 13. Rfd1 Qd6 14. Ne1 Bxg2
15. Kxg2 Rad8 16. Nf3 c6 17. a5 Qb8 18. e4 Qa7 19. h4 Rd7 20. Rd2 Bd8 21. Ne5
Re7 22. b4 Bc7 23. Nf3 Rd7 24. e5 Nd5 25. Ne4 Re7 26. Nc5 f6 27. exf6 Rxf6 28.
Ne5 Bxe5 29. dxe5 Rf5 30. Re1 Qb8 31. Qe4 Qf8 32. f3 g5 33. h5 Qf7 34. Rd3 Re8
35. Rh1 Rf8 36. Rf1 Kh8 37. Rf2 Rg8 38. Rfd2 Nf4+ 39. gxf4 gxf4+ 40. Kf1 Qxh5
41. Rd7 Qh1+ 42. Ke2 Rg2+ 43. Kd3 Qb1+ 44. Kc3 Qa1+ 45. Kb3 Rg8 46. Nxe6 1-0

[Event "Baer Polgar Challenge"]
[Site "chess24.com INT"]
[Date "2021.04.08"]
[Round "4.9"]
[White "Badelka, Olga"]
[Black "Praggnanandhaa, R"]
[Result "0-1"]
[WhiteTitle "IM"]
[BlackTitle "GM"]
[WhiteElo "2433"]
[BlackElo "2608"]
[WhiteFideId "13509926"]
[BlackFideId "25059530"]
[EventDate "2021.04.08"]

1. d4 Nf6 2. Nf3 g6 3. c4 Bg7 4. g3 d6 5. Bg2 O-O 6. Nc3 Nbd7 7. O-O e5 8. e4
Re8 9. Qc2 exd4 10. Nxd4 Nc5 11. Rd1 Ng4 12. b3 Ne6 13. Nxe6 Bxe6 14. Bb2 Nf6
15. Rac1 Nd7 16. Ba3 Qc8 17. Nd5 a5 18. f4 f5 19. Re1 fxe4 20. Bxe4 c6 21. Nc3
Nc5 22. Bf3 Bf5 23. Qd2 Nd3 24. Rxe8+ Qxe8 25. g4 Bd4+ 26. Kg2 Be3 27. Qd1 Nxf4+
28. Kg3 Bd3 29. Bxd6 g5 30. Bxf4 gxf4+ 31. Kg2 Rd8 32. Ra1 Bg6 33. Qf1 Rd2+ 34.
Ne2 Qd7 35. Kh1 Bd3 36. Re1 Qg7 37. Qh3 Qg5 38. Qg2 Qh4 39. Rf1 h6 40. a4 Kg7
41. c5 Qg5 42. Qh3 Bxc5 43. Nc3 Bxf1 44. Qxf1 Rf2 45. Qd3 Rxh2+ 46. Kxh2 Qh4+ 0-1

[Event "Baer Polgar Challenge"]
[Site "chess24.com INT"]
[Date "2021.04.08"]
[Round "5.2"]
[White "Praggnanandhaa, R"]
[Black "Lei, Tingjie"]
[Result "1-0"]
[WhiteTitle "GM"]
[BlackTitle "GM"]
[WhiteElo "2608"]
[BlackElo "2505"]
[WhiteFideId "25059530"]
[BlackFideId "8605114"]
[EventDate "2021.04.08"]

1. d4 d5 2. c4 dxc4 3. e3 Nf6 4. Bxc4 e6 5. Nf3 c5 6. O-O a6 7. Nbd2 Nbd7 8. e4
cxd4 9. e5 Ng4 10. Re1 Qc7 11. Qe2 Bc5 12. Bd3 f5 13. exf6 Ndxf6 14. h3 Nh6 15.
Nb3 Nf7 16. Nbxd4 Bxd4 17. Nxd4 O-O 18. Bc4 Kh8 19. Be3 Nd5 20. Rac1 Qd6 21. Bd2
Re8 22. Nf5 Qd8 23. Qd3 Bd7 24. Qg3 Rg8 25. Bxd5 exd5 26. Nxg7 d4 27. Qd3 Rxg7
28. Bf4 Qf6 29. Bg3 Bf5 30. Qf3 Rag8 31. Rc5 Nh6 32. Be5 Qf8 33. Bxd4 Bd7 34.
Qxf8 Rxf8 35. Rg5 Nf5 36. Bxg7+ Nxg7 37. Re7 Ne6 38. Rh5 Bc8 39. Rexh7+ Kg8 40.
Rh8+ Kg7 41. Rxf8 Nxf8 42. Rc5 Be6 43. b3 Kf6 44. f3 Nd7 45. Rc7 b6 46. Kf2 Nc5
47. Rc6 Nd7 48. g4 Ke5 49. Kg3 Bd5 50. f4+ Ke4 51. Rd6 1-0

[Event "Baer Polgar Challenge"]
[Site "chess24.com INT"]
[Date "2021.04.08"]
[Round "5.4"]
[White "Saduakassova, Dinara"]
[Black "Nihal, Sarin"]
[Result "1/2-1/2"]
[WhiteTitle "IM"]
[BlackTitle "GM"]
[WhiteElo "2500"]
[BlackElo "2620"]
[WhiteFideId "13700090"]
[BlackFideId "25092340"]
[EventDate "2021.04.08"]

1. d4 d5 2. c4 c6 3. cxd5 cxd5 4. Bf4 Nc6 5. e3 Nf6 6. Nc3 a6 7. Bd3 Bg4 8. Be2
Bxe2 9. Qxe2 e6 10. Nf3 Bd6 11. Bxd6 Qxd6 12. O-O O-O 13. Rfc1 Rfc8 14. h3 Nd7
15. Na4 Ne7 16. Qd2 h6 17. Rxc8+ Rxc8 18. Rc1 Rxc1+ 19. Qxc1 Qc6 20. Qxc6 Nxc6
21. Kf1 Kf8 22. Ke2 Ke7 23. a3 Kd6 24. Kd3 g5 25. Nc3 Nb6 26. Nd2 Nd7 27. Nf3
Nf6 28. Nd2 Nd7 29. Nf3 1/2-1/2

[Event "Baer Polgar Challenge"]
[Site "chess24.com INT"]
[Date "2021.04.08"]
[Round "5.7"]
[White "Shuvalova, Polina"]
[Black "Abdusattorov, Nodirbek"]
[Result "0-1"]
[WhiteTitle "IM"]
[BlackTitle "GM"]
[WhiteElo "2476"]
[BlackElo "2627"]
[WhiteFideId "24171760"]
[BlackFideId "14204118"]
[EventDate "2021.04.08"]

1. d4 Nf6 2. c4 e6 3. Nf3 d5 4. g3 Bb4+ 5. Nc3 dxc4 6. Bg2 Bd7 7. Ne5 Bc6 8.
Nxc6 Nxc6 9. Qa4 Nd5 10. Bd2 O-O 11. a3 Nb6 12. Qd1 Be7 13. e3 Na5 14. Rc1 Nb3
15. Rc2 c5 16. dxc5 Nxc5 17. O-O Qd3 18. Qb1 Rad8 19. Nb5 Nb3 20. Bc3 Na4 21.
Nd4 Nxc3 22. Rxc3 Qxb1 23. Rxb1 Nxd4 24. exd4 b5 25. a4 a6 26. axb5 axb5 27. Bc6
Rb8 28. d5 Rb6 29. b3 Bf6 30. Rc2 c3 31. b4 Rd8 32. Re1 Kf8 33. Rce2 g5 34. Kg2
Kg7 35. Rd1 exd5 36. Be8 d4 0-1